000 00353nam a2200121 4500
999 _c516157
_d516157
082 _aTNC K12x42 R917
100 _aSmith, Enid Russell.
_922565
245 _apolitical regularities modern bureaucracy: The home civil service
260 _aLondon
_bLongman
_c1974
300 _a112p.
650 _aBureaucracy
_922566
650 _aCivil service
_922567